000 00279nam a2200097Ia 4500
008 220204s9999 xx 000 0 und d
082 _a677.21(540)
_bHAN
245 0 _aHandbook of the Indian cotton textile industry. 1969
260 _aBombay
_bCotton Textiles EPC
_c1969
942 _cBK
999 _c21540
_d21540